|
|
|
|
| LEADER |
00000nam a2200000 i 4500 |
| 001 |
1/81678 |
| 008 |
980921s1987 gre d |
| 035 |
|
|
|l 10033751
|
| 040 |
|
|
|a GR-MY-UA
|b gre
|e aacr
|
| 041 |
0 |
|
|a gre
|
| 082 |
0 |
|
|a 372.357076
|
| 100 |
1 |
|
|a Καζάζη-Πατηνιώτη, Μαρία Γρ.
|
| 245 |
1 |
0 |
|a Εμείς και ο κόσμος :
|b τετράδιο εργασιών : τρίτη τάξη /
|c Μαρία Καζάζη-Πατηνιώτη, Αχιλλέας Λεοντάρης, Γιάννης Χριστιάς
|
| 250 |
|
|
|a 4η έκδ.
|
| 260 |
|
|
|a Αθήνα :
|b Ο.Ε.Δ.Β.,
|c 1987
|
| 500 |
|
|
|a Ανω του τίτλου: Υπουργείο Εθνικής Παιδείας και Θρησκευμάτων. Κέντρο Εκπαιδευτικών Μελετών και Επιμορφώσεως (ΚΕΜΕ)
|
| 650 |
0 |
0 |
|a Nature study.
|
| 650 |
0 |
0 |
|a Human ecology
|x Study and teaching (Elementary)
|x Problems, exersises, etc.
|
| 650 |
0 |
0 |
|a Natural history
|x Study and teaching (Elementary)
|x Problems, exersises, e.t.c.
|
| 650 |
0 |
0 |
|a Science
|x Study and teaching (Elementary)
|x Problems, exercises, etc.
|
| 700 |
1 |
|
|a Λεοντάρης, Αχιλλέας.
|
| 700 |
1 |
|
|a Χριστιάς, Γιάννης Γ.
|
| 852 |
|
|
|a INST
|b RHODES
|e 19980921
|h 372.357076 ΚΑΖ
|p 005400001115
|q 005400001115
|t BK
|y 620
|
| 852 |
|
|
|a INST
|b RHODES
|e 19980921
|h 372.357076 ΚΑΖ
|p 005400001116
|q 005400001116
|t BK
|y 0
|
| 852 |
|
|
|a INST
|b RHODES
|e 19980921
|h 372.357076 ΚΑΖ
|p 005400001117
|q 005400001117
|t BK
|y 0
|
| 852 |
|
|
|a INST
|b RHODES
|e 19980921
|h 372.357076 ΚΑΖ
|p 005400001118
|q 005400001118
|t BK
|y 620
|
| 852 |
|
|
|a INST
|b RHODES
|e 19980921
|h 372.357076 ΚΑΖ
|p 005400001119
|q 005400001119
|t BK
|y 620
|
| 852 |
|
|
|a INST
|b RHODES
|e 19980921
|h 372.357076 ΚΑΖ
|p 005400001120
|q 005400001120
|t BK
|y 620
|
| 909 |
|
|
|a Ρ
|b 012804
|c 1989
|
| 909 |
|
|
|a Ρ
|b 012898
|c 1989
|
| 909 |
|
|
|a Ρ
|b 012899
|c 1989
|
| 909 |
|
|
|a Ρ
|b 012900
|c 1989
|
| 909 |
|
|
|a Ρ
|b 014025
|c 1989
|
| 909 |
|
|
|a Ρ
|b 014026
|c 1989
|
| 922 |
|
|
|a 4ΔΩΡ
|b 198906
|c ΔΩΡΕΑ
|